LEADER 01305nam a2200313 a 4500 001 000000124892 003 CaOOAMICUS 005 20110331132306.0 008 110331s2003 it fd u100 u ita r 020 $a88-464-4238-5 040 $aPUL$bita 082 04$a306.3 100 1 $aFabris, Giampaolo.$0(OLS)http://pul/name/48207 245 13$aIl nuovo consumatore :$bverso il postmoderno /$cGiampaolo Fabris. 260 $aMilano :$bFranco Angeli,$c©2003. 300 $a464 p. :$btav., grafici ;$c23 cm 490 1 $aImpresa, comunicazione, mercato ;$v639.39 504 $aBibliografia p. 451-459. 650 4$aConsumo$xAspetti socio-culturali.$0(OLS)http://pul/subject/33620 830 0$aImpresa, comunicazione, mercato ;$v639.39.$0(OLS)http://pul/title/157459 850 $aPUL 852 $aPUL$W1$xSL Diritto e Scienze Sociali 3$y79$m306. 3 FABGI 1$j143812$qDDC 21$q $B142825$CPULBib$Z2$F142825 $H116537 $81 941 1 $a9 960 $aConsumismo$933620 996 $6020$a88-464-4238-5$9(OLS)http://pul/number/146839 996 $6082$a306.3$9(OLS)http://pul/classification/406 996 $6245$aIl nuovo consumatore :$bverso il postmoderno$9(OLS)http://pul/title/157458 996 $6260$aMilano :$bFranco Angeli$9(OLS)http://pul/publisher/52903 LEADER 01259nam a2200301 a 4500 001 000000134538 003 CaOOAMICUS 005 20130624140234.0 008 130624s1993 it u000 u ita r 040 $aPUL$bita 100 1 $aCaproni, Giorgio.$0(OLS)http://pul/name/75433 245 10$aGiorgio Caproni /$cpresentazione di Vincenzo Cerami ; a cura di Sandro Onofri. 260 $aRoma :$bl'Unità$g1993 300 $a76 p. ;$c19 cm 490 1 $aPoeti italiani ;$v19 500 $aSuppl. al n. 23 dell'Unità del 14 giugno 1993. Ed. fuori commercio. 600 14$aCaproni, Giorgio,$d1912-1990.$0(OLS)http://pul/subject/34529 650 4$aPoesia$ySec. XX$xCritica e interpretazione.$0(OLS)http://pul/subject/28860 700 1 $aCerami, Vincenzo.$0(OLS)http://pul/name/86689 700 1 $aOnofri, Sandro.$0(OLS)http://pul/name/86690 830 0$aPoeti italiani ;$v19.$0(OLS)http://pul/title/170127 850 $aPUL 852 $aPUL$W1$xDP1 Fondo E. Rossi$y115$m1 R 31bis$j154750$qFondi$B154256$CPULBib$Z2$F154256 $82 941 1 $a1 961 $aSul dorso collocazione ms. di E. Rossi: I 42 1 996 $6245$aGiorgio Caproni$9(OLS)http://pul/title/170126 996 $6260$aRoma :$bl'Unità$9(OLS)http://pul/publisher/74001